000 00263nam a22001097a 4500
082 _a621.381528 WIE'P
100 _aWILSNER, E. PATRICK
_957423
245 _aPRACTICAL TRANSISTOR THEORY
260 _aNEWYORK
_bHOWARD W. SAMS
_c1964
300 _a125P
942 _cBK
999 _c567707
_d567707